00984nam a22002055i 4500001000700000003000900007005001700016008004100033080002100074100003900095245012900134260009600263300002100359490009400380530003900474700002700513830008800540852007300628856007700701157251ES-MaACL20250824071444.0040817s1844 sp |||| | spa d a821.133.1-23"18"1 aLaurencin, cMonsieur, d1808-189013aLa gaceta de los tribunales b: comedia en un acto / cescrita en francés por Mr. Laurencin ; (traducida por J.G. Doncel). aMadrid : b[Librería de José Cuesta, c1844] (fImp. de la Viuda de Jordán é Hijos) a14 p. ; c26 cm.1 aMuseo dramático o Coleccion de comedias del teatro moderno español y estrangero [sic] aDisponible también en sitio web.1 aGarcía Doncel, Juan.00aMuseo dramático o Coleccion de comedias del teatro moderno español y estrangero aES-MaACLjF-7489(26) z. - Enc. hol. z. - Enc. en un vol. facticio uhttp://www.archive.org/details/lagacetadelostri00laur zIr a la página